Library Banner

Circuits and electronics : (Record no. 114670)

MARC details
000 -LEADER
fixed length control field 00448nam a22001577a 4500
005 - DATE AND TIME OF LATEST TRANSACTION
control field 20191127104535.0
008 - FIXED-LENGTH DATA ELEMENTS--GENERAL INFORMATION
fixed length control field 191118b ||||| |||| 00| 0 eng d
020 ## - INTERNATIONAL STANDARD BOOK NUMBER
International Standard Book Number 9781138297326
040 ## - CATALOGING SOURCE
Transcribing agency PK-LaUMT
082 ## - DEWEY DECIMAL CLASSIFICATION NUMBER
Classification number 621.3815
Item number ATT-C
100 ## - MAIN ENTRY--PERSONAL NAME
Personal name Attia, John Okyere
245 ## - TITLE STATEMENT
Title Circuits and electronics :
Remainder of title hands-on learning with analog /
Statement of responsibility, etc by John Okyere Attia
260 ## - PUBLICATION, DISTRIBUTION, ETC. (IMPRINT)
Place of publication, distribution, etc Boca Raton :
Name of publisher, distributor, etc CRF Press,
Date of publication, distribution, etc 2018
300 ## - PHYSICAL DESCRIPTION
Extent 187 p.
942 ## - ADDED ENTRY ELEMENTS (KOHA)
Koha item type Books
Holdings
Withdrawn status Lost status Damaged status Home library Current library Date acquired Full call number Barcode Date last seen Price effective from Koha item type
      UMT Main Campus UMT Main Campus 2019-11-18 621.3815 ATT-C 130222 2019-11-18 2019-11-18 Books